| 000 | 00324nam a2200121Ia 4500 | ||
|---|---|---|---|
| 008 | 210430s9999 xx 000 0 und d | ||
| 082 | _a821.8 H254 R | ||
| 100 | _aThomas ardy | ||
| 245 | 4 |
_aThe Return of the Native _cThomas ardy |
|
| 260 |
_aISLAMABAD _bNational Book Foundation _c2010 |
||
| 300 | _a337p | ||
| 942 |
_cBK _2ddc |
||
| 999 |
_c562426 _d562426 |
||